FIFA 18 Top 10 Central Midfielders - Statistics

General Stats
  • This quiz has been taken 453 times
  • The average score is 6 of 10
Answer Stats
Rank Player OVA % Correct
2 Luka Modric 89
95%
1 Toni Kroos 90
94%
10 Andres Iniesta 87
82%
6 Paul Pogba 87
81%
4 N'Golo Kanté 87
72%
9 Ivan Rakitic 87
62%
3 Thiago Alcantara 88
55%
5 Marco Verratti 87
42%
7 Arturo Vidal 87
40%
8 Marek Hamsik 87
15%
No matching quizzes found
Score Distribution
Percent of People with Each Score
Percentile by Number Answered
Your Score History
You have not taken this quiz